| 000 | 01551nam a22004097a 4500 | ||
|---|---|---|---|
| 003 | CHAP | ||
| 005 | 20220329143413.0 | ||
| 008 | 090421s2006 ar r 00010 spa d | ||
| 010 | _a96085 | ||
| 011 | _a97057 | ||
| 020 | _a9789875381636 | ||
| 035 | _a107717 | ||
| 040 | _cCHAP | ||
| 082 | 0 | 4 |
_a153.15 _bT69 |
| 245 | 0 | 0 |
_aTratamiento de los problemas en el aprendizaje: _bactualización en clínica psicopedagógica _c/ compilado por Gerardo Prol ...[et al.] |
| 260 |
_aBuenos Aires : _bNoveduc, _c2006 |
||
| 300 | _a159 p. | ||
| 490 | 0 | _aColeccion conjunciones | |
| 590 |
_aBATCH-UPD _b10 _c20130110 _lUCH01 _h0354 |
||
| 590 |
_aBATCH-UPD _b10 _c20130110 _lUCH01 _h1908 |
||
| 590 |
_aBATCH-UPD _b10 _c20130410 _lUCH01 _h0028 |
||
| 590 |
_aBATCH-UPD _b10 _c20130914 _lUCH01 _h1002 |
||
| 590 |
_aCONVERSION _b10 _c20130109 _lUCH01 _h1353 |
||
| 650 | 1 | 4 |
_aAprendizaje _xPsicologia del. _96372 |
| 650 | 1 | 4 |
_aEducación _xPsicología. _935475 |
| 650 | 1 | 4 |
_aEnseñanza _xMetodología. _937086 |
| 650 | 1 | 4 |
_aLenguaje _xEstudio y enseñanza. _965986 |
| 650 | 1 | 4 |
_aMétodos de estudio. _976629 |
| 650 | 1 | 4 |
_aPsicología pedagógica. _992615 |
| 700 | 1 |
_aProl Gerardo _e, comp. _992397 |
|
| 830 | 0 |
_aColeccion conjunciones _924651 |
|
| 901 | _aBK | ||
| 942 | _cLIBRO | ||
| 949 |
_a153.15 T69 _bBC _cLIBRO _d33724002090272 _eLIBRO _gI.c/e _h110356 _i107717 _sb _t$210.00 |
||
| 949 |
_a153.15 T69 _bBC _cLIBRO _d33724002204470 _eLIBRO _fc.2 _gI.c/e _h110357 _i107717 _sb _t$210.00 |
||
| 949 |
_a153.15 T69 _bBC _cLIBRO _d33724002204512 _eLIBRO _fc.3 _gI.c/e _h110358 _i107717 _sb _t$210.00 |
||
| 999 |
_c96085 _d96085 |
||